| 000 | 00630nam a22002057a 4500 | ||
|---|---|---|---|
| 999 |
_c16549 _d16549 |
||
| 003 | OSt | ||
| 005 | 20171006120909.0 | ||
| 008 | 171006b xxu||||| |||| 00| 0 eng d | ||
| 020 | _a9966101013 | ||
| 040 |
_aKABU _cKABU |
||
| 050 |
_aBV1547 _b.S43 2013 Bk3 |
||
| 245 |
_aSecondary CRE : _bstudents' book three / _cShiphrah N. Gichaga ... [et al.] |
||
| 246 | _aSecondary christian religious education | ||
| 250 | _a3rd ed. | ||
| 260 |
_aNairobi _bKLB _c2013 |
||
| 300 | _a139 p. | ||
| 650 | _aChristian religious education | ||
| 700 | _aGichaga, Shiphrah N. | ||
| 942 |
_2lcc _cBK _hBV1547 _i.S43 2013 Bk3 |
||